000
00308nam a22001337a 4500
008
170607b xxu||||| |||| 00| 0 eng d
020
_a
0030689064
041
_a
eng
080
_2
4 ED
_a
329
100
_a
18
101
_a
SHP
245
_a
PARTIES POLITICSAND PUBLIC POLICY
_c
KEEFE.W.J
942
_2
udc
_c
BK
999
_c
16307
_d
16307